000 00754nam a2200265Ia 4500
005 20260302115654.0
008 008 260114s9999 xx 000 0 eng d
020 _a9781350164192
037 _aTextbook
040 _aCRL
040 _beng
040 _cCRL
041 _2eng
041 _aeng
084 _qCRL
100 _aPhilip M. McCarthy and Khawlah Ahmed
_91122299
245 0 _aWriting the Research Paper Multicultural Perspectives for Writing in English as a Second Language
260 _bBloomsbury
260 _bBloomsbury Academic
260 _c2021
650 _aEducation
856 _uhttps://doi.org/10.5040/9781350164192?locatt=label:secondary_bloomsburyCollections
942 _cEBOOK
999 _c1687070
_d1687070